Detalles MARC
| 000 -LEADER |
| fixed length control field |
01562namaa2200361 a 4500 |
| 008 - CAMPO DE CONTROL (LIBRO) |
| fixed length control field |
220221s2021 A ||||fr|||| 001 0 S d |
| 020 ## - INTERNATIONAL STANDARD BOOK NUMBER |
| ISBN |
9788417949723 |
| 041 ## - CODIGO DE IDIOMA |
| Código de idioma del texto/pista de sonido o título separado |
spa |
| 092 ## - SIGNATURA TOPOGRAFICA DEWEY LOCAL |
| número de clasificación |
61607 |
| libristica |
57 |
| sección |
NOR |
| 100 1# - ENTRADA PRINCIPAL--NOMBRE PERSONAL |
| Nombre personal |
Norris, Tommie L. |
| 9 (RLIN) |
4154 |
| 245 ## - TITULO PROPIAMENTE DICHO |
| Título |
Porth. |
| Subtítulo y Título paralelo |
Fundamentos de Fisiopatología / |
| Mención de responsabilidad y remanente de la transcripción de la portada |
Tommie L. Norris. |
| 250 ## - MENCION DE EDICION |
| Mención de edición |
5ta ed. |
| Mención de responsabilidad relacionada con la ed. |
Traducción Mónica Consuelo Ayala Gómez, Félix García Roig y Alma Rosa Higuera |
| 260 ## - PIE DE IMPRENTA |
| Lugar de publicación, distribución, etc |
Barcelona: |
| Nombre de la editorial, distribuidor, etc |
Wolters Kluwer; |
| Fecha de publicación |
2021. |
| 300 ## - DESCRIPCION FISICA |
| Extension |
1197 p. |
| Otros detalles físicos |
il. |
| 500 ## - NOTA GENERAL |
| Nota general |
Norris, T. L. y Tuan, L. R. (2021). Porth. Fundamentos de fisiopatología. (5a. ed.). Barcelona : Wolters Kluwer. |
| 653 ## - TÉRMINO INDIZADO - PALABRAS CLAVES |
| Palabra clave |
Concepto de Salud y enfermedad. |
| 653 ## - TÉRMINO INDIZADO - PALABRAS CLAVES |
| Palabra clave |
Función y crecimiento celular |
| 653 ## - TÉRMINO INDIZADO - PALABRAS CLAVES |
| Palabra clave |
Alteraciones de la función integradora. |
| 653 ## - TÉRMINO INDIZADO - PALABRAS CLAVES |
| Palabra clave |
Infección, inflamación e inmunidad. |
| 653 ## - TÉRMINO INDIZADO - PALABRAS CLAVES |
| Palabra clave |
Alteraciones de la función neurológica. |
| 653 ## - TÉRMINO INDIZADO - PALABRAS CLAVES |
| Palabra clave |
Alteraciones de las funciones sensoriales especiales. |
| 653 ## - TÉRMINO INDIZADO - PALABRAS CLAVES |
| Palabra clave |
Alteraciones del sistema hematopoyético. |
| 653 ## - TÉRMINO INDIZADO - PALABRAS CLAVES |
| Palabra clave |
Alteraciones de la función cardiovascular. |
| 653 ## - TÉRMINO INDIZADO - PALABRAS CLAVES |
| Palabra clave |
Alteraciones de la función respiratoria. |
| 653 ## - TÉRMINO INDIZADO - PALABRAS CLAVES |
| Palabra clave |
Alteraciones de la función renal. |
| 653 ## - TÉRMINO INDIZADO - PALABRAS CLAVES |
| Palabra clave |
Alteraciones de la función digestiva. |
| 653 ## - TÉRMINO INDIZADO - PALABRAS CLAVES |
| Palabra clave |
Alteraciones de la función endocrina. |
| 653 ## - TÉRMINO INDIZADO - PALABRAS CLAVES |
| Palabra clave |
Alteraciones de la función genitourinaria y reproductiva. |
| 653 ## - TÉRMINO INDIZADO - PALABRAS CLAVES |
| Palabra clave |
Alteraciones de la función musculoesquelética. |
| 653 ## - TÉRMINO INDIZADO - PALABRAS CLAVES |
| Palabra clave |
Alteraciones de la función tegumentaria. |
| 700 1# - ENTRADAS SECUNDARIAS - NOMBRE PERSONAL |
| Nombre personal |
Tuan, Lalchandani Rupa. |
| 9 (RLIN) |
4155 |
| 942 ## - ADDED ENTRY ELEMENTS (KOHA) |
| Source of classification or shelving scheme |
Dewey Decimal Classification |
| Item type |
Libros |